Promoting health in families : (Record no. 694)

000 -LEADER
fixed length control field 01475nam a22004337a 4500
001 - CONTROL NUMBER
control field 13239381
003 - CONTROL NUMBER IDENTIFIER
control field OSt
005 - DATE AND TIME OF LATEST TRANSACTION
control field 20210421072726.0
008 - FIXED-LENGTH DATA ELEMENTS--GENERAL INFORMATION
fixed length control field 030616s2004 paua b 001 0 eng
010 ## - LIBRARY OF CONGRESS CONTROL NUMBER
LC control number 2003054410
020 ## - INTERNATIONAL STANDARD BOOK NUMBER
International Standard Book Number 0721601154
035 ## - SYSTEM CONTROL NUMBER
System control number (DNLM)101182216
040 ## - CATALOGING SOURCE
Original cataloging agency DNLM/DLC
Transcribing agency DLC
Modifying agency eng
Language of cataloging eng
041 ## - LANGUAGE CODE
Language code of text/sound track or separate title eng
042 ## - AUTHENTICATION CODE
Authentication code pcc
050 00 - LIBRARY OF CONGRESS CALL NUMBER
Classification number RT120.F34
Item number P766 2004
060 10 - NATIONAL LIBRARY OF MEDICINE CALL NUMBER
Classification number WY 159.5
Item number P965 2004
080 ## - UNIVERSAL DECIMAL CLASSIFICATION NUMBER
Universal Decimal Classification number 613.89
Item number B-75
082 00 - DEWEY DECIMAL CLASSIFICATION NUMBER
Classification number 613
Edition number 21
245 00 - TITLE STATEMENT
Title Promoting health in families :
Remainder of title applying family research and theory to nursing practice /
Statement of responsibility, etc. [edited by] Perri J. Bomar.
250 ## - EDITION STATEMENT
Edition statement 3rd edition
260 ## - PUBLICATION, DISTRIBUTION, ETC.
Place of publication, distribution, etc. Philadelphia, Pa. :
Name of publisher, distributor, etc. Saunders,
Date of publication, distribution, etc. c2004.
300 ## - PHYSICAL DESCRIPTION
Extent xxiii, 664 p.
Other physical details ill. ;
Dimensions 23 cm.
500 ## - GENERAL NOTE
General note Rev. ed. of: Nurses and family health promotion. 2nd ed. c1996.
504 ## - BIBLIOGRAPHY, ETC. NOTE
Bibliography, etc. note Includes bibliographical references and index.
650 #0 - SUBJECT ADDED ENTRY--TOPICAL TERM
Topical term or geographic name entry element Family nursing.
650 #0 - SUBJECT ADDED ENTRY--TOPICAL TERM
Topical term or geographic name entry element Family Medicine
9 (RLIN) 119
650 #0 - SUBJECT ADDED ENTRY--TOPICAL TERM
Topical term or geographic name entry element Health promotion.
650 #0 - SUBJECT ADDED ENTRY--TOPICAL TERM
Topical term or geographic name entry element Families
General subdivision Health and hygiene.
650 12 - SUBJECT ADDED ENTRY--TOPICAL TERM
Topical term or geographic name entry element Family Nursing.
650 22 - SUBJECT ADDED ENTRY--TOPICAL TERM
Topical term or geographic name entry element Family Health.
650 22 - SUBJECT ADDED ENTRY--TOPICAL TERM
Topical term or geographic name entry element Health Promotion.
653 ## - INDEX TERM--UNCONTROLLED
Uncontrolled term საოჯახო მედიცინა
700 1# - ADDED ENTRY--PERSONAL NAME
Personal name Bomar, Perri J.
730 0# - ADDED ENTRY--UNIFORM TITLE
Uniform title Nurses and family health promotion.
906 ## - LOCAL DATA ELEMENT F, LDF (RLIN)
a 7
b cbc
c orignew
d 1
e ocip
f 20
g y-gencatlg
942 ## - ADDED ENTRY ELEMENTS (KOHA)
Source of classification or shelving scheme
Koha item type Books
Edition 3
Holdings
Withdrawn status Lost status Source of classification or shelving scheme Damaged status Not for loan Permanent location Current location Date acquired Inventory number Total Checkouts Full call number Barcode Date last seen Price effective from Koha item type
          Ken Walker International University Ken Walker International University 12/18/2020 2108   613.89 B-75 2108 12/18/2020 12/18/2020 Books

Powered by Koha